[Event "Oberliga Ost-A 1314"]
[Site "Germany"]
[Date "2013.10.13"]
[Round "1.7"]
[White "Eidner, Falk"]
[Black "Diebl, Lutz"]
[Result "1/2-1/2"]
[WhiteElo "2034"]
[BlackElo "2196"]
[PlyCount "77"]
[EventDate "2013.10.13"]
[EventType "team-tourn"]
[EventRounds "11"]
[EventCountry "GER"]
[SourceTitle "EXT 2015"]
[Source "ChessBase"]
[SourceDate "2014.11.20"]
[SourceVersion "1"]
[SourceVersionDate "2014.11.20"]
[SourceQuality "1"]
[WhiteTeam "Chemnitz"]
[BlackTeam "Aue Nickelhuette II"]
[WhiteTeamCountry "GER"]
[BlackTeamCountry "GER"]

1. e4 Nc6 2. Nf3 d6 3. d4 Nf6 4. Nc3 g6 5. Be2 Bg7 6. h3 0-0 7. Be3 a6 8. a4 e5 9. d5 Ne7 10. 0-0 h6 11. a5 Nd7 12. b4 f5 13. Ne1 Nf6 14. f3 f4 15. Bf2 g5 16. Na4 h5 17. c4 g4 18. hxg4 hxg4 19. fxg4 Nxe4 20. Ra3 Nxf2 21. Rxf2 e4 22. Rh3 Ng6 23. Qc2 Qe7 24. Nc3 Re8 25. Rf1 Bd4+ 26. Kh1 Bxc3 27. Qxc3 Qe5 28. Qc2 Kg7 29. Rh5 Qd4 30. c5 Qxb4 31. cxd6 cxd6 32. Qc1 Qc5 33. Nc2 Re5 34. Rxf4 Nxf4 35. Qxf4 Rxh5+ 36. gxh5 Qxc2 37. h6+ Kg6 38. Qxd6+ Kh7 39. Qe7+ 1/2-1/2

[Event "BL2-Ost 1213"]
[Site "Germany"]
[Date "2013.04.14"]
[Round "9.7"]
[White "Schleich, Markus"]
[Black "Diebl, Lutz"]
[Result "1-0"]
[WhiteElo "2306"]
[BlackElo "2214"]
[PlyCount "113"]
[EventDate "2012.10.14"]
[EventType "team-tourn"]
[EventRounds "9"]
[EventCountry "GER"]
[SourceTitle "CBM 154 Extra"]
[Source "ChessBase"]
[SourceDate "2013.06.25"]
[SourceVersion "2"]
[SourceVersionDate "2013.06.25"]
[SourceQuality "1"]
[WhiteTeam "Garching"]
[BlackTeam "Aue Nickelhuette"]
[WhiteTeamCountry "GER"]
[BlackTeamCountry "GER"]

1. e4 Nc6 2. d4 e5 3. Nf3 exd4 4. Nxd4 Qf6 5. Nxc6 Bc5 6. Qf3 bxc6 7. Nd2 Qxf3 8. gxf3 d6 9. Nb3 Bb6 10. a4 a5 11. Be3 Bxe3 12. fxe3 Ne7 13. Rg1 0-0 14. 0-0-0 f5 15. e5 dxe5 16. Bc4+ Kh8 17. f4 Ng6 18. Rd3 Ba6 19. Bxa6 Rxa6 20. Rd7 exf4 21. exf4 Rb6 22. Nc5 Rb4 23. b3 Rg8 24. Ne6 Nxf4 25. Rgxg7 Rxg7 26. Nxg7 Ne2+ 27. Kb2 f4 28. Nh5 Kg8 29. Nf6+ Kf8 30. Nxh7+ Ke8 31. Nf6+ Kf8 32. c3 Rb7 33. Ne4 Rb8 34. Ng5 Kg8 35. Nf3 Re8 36. Rxc7 Re3 37. Nd2 Nxc3 38. Rxc6 Ne4 39. Nxe4 Rxe4 40. Kc3 Kg7 41. Rc4 Re3+ 42. Kd2 Rxb3 43. Rxf4 Rb2+ 44. Kc3 Rxh2 45. Rf5 Rh4 46. Kb3 Kg6 47. Rxa5 Kf6 48. Rd5 Ke6 49. Rd2 Ke7 50. a5 Rg4 51. Rd3 Rh4 52. Rd2 Rg4 53. a6 Rg6 54. a7 Rb6+ 55. Kc4 Ra6 56. Rh2 Kd7 57. Rh8 1-0

[Event "Bundesliga 1011"]
[Site "Germany"]
[Date "2011.02.06"]
[Round "9.3"]
[White "Gyimesi, Zoltan"]
[Black "Diebl, Lutz"]
[Result "1/2-1/2"]
[WhiteElo "2595"]
[BlackElo "2222"]
[PlyCount "71"]
[EventDate "2010.10.09"]
[EventType "team-tourn"]
[EventRounds "15"]
[EventCountry "GER"]
[SourceTitle "EXT 2012"]
[Source "ChessBase"]
[SourceDate "2011.11.24"]
[SourceVersion "1"]
[SourceVersionDate "2011.11.24"]
[SourceQuality "1"]
[WhiteTeam "Eppingen"]
[BlackTeam "Aue Nickelhuette"]
[WhiteTeamCountry "GER"]
[BlackTeamCountry "GER"]

1. d4 Nc6 2. d5 Ne5 3. e4 e6 4. f4 exd5 5. fxe5 Qh4+ 6. g3 Qxe4+ 7. Qe2 Qxh1 8. Nf3 b6 9. Nc3 Ba6 10. Qxa6 Qxf3 11. Qb7 Rd8 12. Nxd5 c6 13. Nc7+ Ke7 14. Bd2 f6 15. Bb4+ Kf7 16. e6+ Kg6 17. Bxf8 Rxf8 18. exd7 Ne7 19. Bd3+ Kh6 20. Rd1 Rd8 21. Ne8 Ng6 22. Nd6 Qe3+ 23. Kf1 Qf3+ 24. Ke1 Qe3+ 25. Be2 Qe6 26. Qxc6 Ne5 27. Qe4 g6 28. Ne8 Rhxe8 29. dxe8Q Rxe8 30. b3 Kg7 31. Kf1 Re7 32. c4 Qh3+ 33. Kg1 Qc8 34. Bf3 Qc5+ 35. Kg2 Qa3 36. Rd2 1/2-1/2

[Event "BL2-Ost 0910"]
[Site "Germany"]
[Date "2010.02.07"]
[Round "6.4"]
[White "Zwanzger, Johannes"]
[Black "Diebl, Lutz"]
[Result "1-0"]
[WhiteElo "2344"]
[BlackElo "2221"]
[PlyCount "101"]
[EventDate "2009.10.18"]
[EventType "team-tourn"]
[EventRounds "9"]
[EventCountry "GER"]
[SourceTitle "EXT 2011"]
[Source "ChessBase"]
[SourceDate "2010.11.26"]
[SourceVersion "1"]
[SourceVersionDate "2010.11.26"]
[SourceQuality "1"]
[WhiteTeam "Forchheim"]
[BlackTeam "Aue Nickelhuette"]
[WhiteTeamCountry "GER"]
[BlackTeamCountry "GER"]

1. e4 Nc6 2. d4 e5 3. dxe5 Nxe5 4. Nf3 Qf6 5. Nxe5 Qxe5 6. Bd3 d5 7. f4 Qe6 8. e5 Bc5 9. Nc3 Bd7 10. Qe2 Ne7 11. Bd2 0-0-0 12. 0-0-0 g6 13. Kb1 Kb8 14. Be3 Bb4 15. Nb5 Bxb5 16. Bxb5 Nf5 17. Bf2 h5 18. g3 Ba5 19. Bd3 Bb6 20. Bxb6 axb6 21. Qf2 c5 22. Rhe1 c4 23. Bxf5 gxf5 24. Rd4 h4 25. g4 fxg4 26. f5 g3 27. hxg3 hxg3 28. Qf4 Qc6 29. Qxg3 Ka7 30. a3 Rhe8 31. Qf4 Re7 32. Red1 b5 33. Qh4 Red7 34. Qh1 Ka6 35. Rh4 Qc7 36. Rh6+ Ka7 37. e6 fxe6 38. fxe6 Rd6 39. Rh7 Qc5 40. e7 Re8 41. Qh5 Qc6 42. Re1 Qd7 43. Qe5 Rc6 44. c3 Kb6 45. Kc1 Ka6 46. Re2 b6 47. Rh8 Rcc8 48. Rxe8 Rxe8 49. Qe6 Qb7 50. Re5 Ka5 51. Kd2 1-0

[Event "BL2-Ost 0809"]
[Site "Germany"]
[Date "2009.03.29"]
[Round "9.6"]
[White "Voekler, Bernd"]
[Black "Diebl, Lutz"]
[Result "1-0"]
[WhiteElo "2370"]
[BlackElo "2225"]
[PlyCount "125"]
[EventDate "2008.10.05"]
[EventType "team-tourn"]
[EventRounds "9"]
[EventCountry "GER"]
[SourceTitle "CBM 129 Extra"]
[Source "ChessBase"]
[SourceDate "2009.05.05"]
[SourceVersion "2"]
[SourceVersionDate "2009.05.20"]
[SourceQuality "1"]
[WhiteTeam "Erfurt"]
[BlackTeam "Aue Nickelhuette"]
[WhiteTeamCountry "GER"]
[BlackTeamCountry "GER"]

1. e4 Nc6 2. d4 e5 3. d5 Nce7 4. Nc3 Ng6 5. g3 Bb4 6. Nge2 a5 7. Be3 Nf6 8. f3 d6 9. Qd2 Nd7 10. h4 h6 11. Bh3 b6 12. h5 Ngf8 13. a3 Bc5 14. 0-0-0 Ba6 15. f4 f6 16. Bf5 Qe7 17. Rh2 b5 18. Na2 Bb6 19. Kb1 Nc5 20. Bxc5 dxc5 21. c4 bxc4 22. Nac3 Qd6 23. fxe5 Qxe5 24. Nf4 Rd8 25. Qc2 Rd6 26. Qa4+ Kd8 27. Rc2 Qe8 28. Qxe8+ Kxe8 29. Ng2 Nd7 30. Bxd7+ Kxd7 31. Nf4 Re8 32. Ne6 Re7 33. Na4 Rexe6 34. dxe6+ Kxe6 35. Rxd6+ Kxd6 36. Rd2+ Ke7 37. Nc3 c6 38. Nd1 Bc7 39. Ne3 Bc8 40. Nf5+ Kf8 41. g4 Be6 42. Kc2 Kf7 43. Kd1 Kf8 44. Ke2 Kf7 45. Kf3 Be5 46. Rc2 Bd4 47. Nd6+ Ke7 48. Nxc4 a4 49. Ne3 Bb3 50. Nf5+ Kd7 51. Rd2 Ke6 52. Nxd4+ cxd4 53. Rxd4 c5 54. Rd8 Ke7 55. Ra8 Kf7 56. Ra7+ Kg8 57. Rc7 c4 58. Kf4 Kh7 59. e5 fxe5+ 60. Kxe5 Kh8 61. Kf4 Kh7 62. Ke3 Kh8 63. Kd2 1-0

[Event "BL2-Ost 0809"]
[Site "Germany"]
[Date "2009.01.18"]
[Round "5.5"]
[White "Stockmann, Michael"]
[Black "Diebl, Lutz"]
[Result "1/2-1/2"]
[WhiteElo "2210"]
[BlackElo "2225"]
[PlyCount "52"]
[EventDate "2008.10.05"]
[EventType "team-tourn"]
[EventRounds "9"]
[EventCountry "GER"]
[SourceTitle "CBM 129 Extra"]
[Source "ChessBase"]
[SourceDate "2009.05.05"]
[SourceVersion "2"]
[SourceVersionDate "2009.05.20"]
[SourceQuality "1"]
[WhiteTeam "Schoeneck"]
[BlackTeam "Aue Nickelhuette"]
[WhiteTeamCountry "GER"]
[BlackTeamCountry "GER"]

1. d4 Nc6 2. Nf3 d6 3. d5 Ne5 4. Nxe5 dxe5 5. c4 e6 6. Nc3 Nf6 7. Bg5 exd5 8. cxd5 Bc5 9. Qa4+ Bd7 10. Qc4 Qe7 11. a3 h6 12. Bxf6 gxf6 13. g3 0-0-0 14. Ne4 Bd6 15. b4 Kb8 16. Bg2 h5 17. h4 f5 18. Nc5 Bc8 19. Bh3 Rhg8 20. Rc1 Ka8 21. e4 f4 22. Bxc8 Rxc8 23. Nxb7 Kxb7 24. Qc6+ Kb8 25. Qb5+ Ka8 26. Qc6+ Kb8 1/2-1/2

[Event "BL2-Ost 0607"]
[Site "Germany"]
[Date "2006.12.10"]
[Round "4.7"]
[White "Diebl, Lutz"]
[Black "Horvath, Laszlo"]
[Result "0-1"]
[WhiteElo "2235"]
[BlackElo "2265"]
[PlyCount "69"]
[EventDate "2006.10.15"]
[EventType "team-tourn"]
[EventRounds "9"]
[EventCountry "GER"]
[SourceTitle "EXT 2008"]
[Source "ChessBase"]
[SourceDate "2007.11.25"]
[SourceVersion "1"]
[SourceVersionDate "2007.11.25"]
[SourceQuality "1"]
[WhiteTeam "Aue Nickelhuette"]
[BlackTeam "Passau"]
[WhiteTeamCountry "GER"]
[BlackTeamCountry "GER"]

1. Nc3 Nf6 2. e4 d5 3. e5 Nfd7 4. f4 e6 5. Nf3 c5 6. g3 a6 7. a4 Nc6 8. d3 b6 9. Bh3 Be7 10. 0-0 g6 11. Qe2 Qc7 12. Nd1 Bb7 13. Nf2 0-0 14. Bd2 Ndb8 15. Rae1 h5 16. c3 Rc8 17. Ng5 Bxg5 18. fxg5 Ne7 19. Bf4 Bc6 20. b3 Ra7 21. Qb2 Rd8 22. a5 bxa5 23. Qa3 Qb6 24. Ra1 Bb7 25. d4 Nbc6 26. dxc5 Qb5 27. b4 axb4 28. cxb4 Qxb4 29. Qa2 Qc4 30. Qa3 Qb4 31. Qa2 Qc4 32. Qa3 Nd4 33. Be3 Raa8 34. Rab1 Rab8 35. Qb2 0-1

[Event "BL2-Ost 0506"]
[Site "Germany"]
[Date "2006.03.12"]
[Round "8.2"]
[White "Konopka, Michal"]
[Black "Diebl, Lutz"]
[Result "1-0"]
[WhiteElo "2489"]
[BlackElo "2239"]
[PlyCount "57"]
[EventDate "2005.10.23"]
[EventType "team-tourn"]
[EventRounds "9"]
[EventCountry "GER"]
[SourceTitle "EXT 2007"]
[Source "ChessBase"]
[SourceDate "2006.11.23"]
[SourceVersion "1"]
[SourceVersionDate "2006.11.23"]
[SourceQuality "1"]
[WhiteTeam "Schoeneck"]
[BlackTeam "Aue Nickelhuette"]
[WhiteTeamCountry "GER"]
[BlackTeamCountry "GER"]

1. Nf3 Nc6 2. d4 d5 3. Bg5 Nf6 4. e3 Ne4 5. Bh4 Qd6 6. Nfd2 Qh6 7. Nxe4 Qxh4 8. Ned2 Bg4 9. Be2 Bxe2 10. Qxe2 e6 11. c4 dxc4 12. Nc3 Bd6 13. g3 Qh3 14. Nxc4 0-0 15. 0-0-0 Be7 16. f4 a6 17. Qf3 Rab8 18. Ne5 Nxe5 19. dxe5 Bc5 20. Ne4 Bb6 21. Ng5 Qh6 22. h4 Rbd8 23. h5 Rfe8 24. g4 Rxd1+ 25. Rxd1 f6 26. Ne4 f5 27. g5 fxe4 28. Qg4 Bxe3+ 29. Kc2 1-0

[Event "Oberliga Ost-A 0304"]
[Site "Germany"]
[Date "2004.03.28"]
[Round "9.4"]
[White "Boehnisch, Manfred"]
[Black "Diebl, Lutz"]
[Result "1/2-1/2"]
[WhiteElo "2375"]
[BlackElo "2200"]
[PlyCount "20"]
[EventDate "2003.11.02"]
[EventType "team-tourn"]
[EventRounds "11"]
[EventCountry "GER"]
[SourceTitle "EXT 2005"]
[Source "ChessBase"]
[SourceDate "2004.11.15"]
[SourceVersion "1"]
[SourceVersionDate "2004.11.15"]
[SourceQuality "1"]
[WhiteTeam "Leipzig Lok"]
[BlackTeam "Aue Nickelhuette"]
[WhiteTeamCountry "GER"]
[BlackTeamCountry "GER"]

1. e4 Nc6 2. Nf3 d6 3. d4 Nf6 4. Nc3 g6 5. Be2 Bg7 6. 0-0 0-0 7. h3 a6 8. a4 e5 9. dxe5 dxe5 10. Qxd8 Rxd8 1/2-1/2

[Event "Oberliga Ost-A 0304"]
[Site "Germany"]
[Date "2004.02.15"]
[Round "7.4"]
[White "Liebert, Heinz"]
[Black "Diebl, Lutz"]
[Result "1/2-1/2"]
[WhiteElo "2297"]
[BlackElo "2200"]
[PlyCount "32"]
[EventDate "2003.11.02"]
[EventType "team-tourn"]
[EventRounds "11"]
[EventCountry "GER"]
[SourceTitle "EXT 2005"]
[Source "ChessBase"]
[SourceDate "2004.11.15"]
[SourceVersion "1"]
[SourceVersionDate "2004.11.15"]
[SourceQuality "1"]
[WhiteTeam "Halle USV"]
[BlackTeam "Aue Nickelhuette"]
[WhiteTeamCountry "GER"]
[BlackTeamCountry "GER"]

1. c4 Nc6 2. Nc3 e5 3. Nf3 Nf6 4. g3 Bc5 5. Bg2 d6 6. 0-0 a6 7. d3 h6 8. a3 0-0 9. b4 Ba7 10. Bb2 Rb8 11. Rc1 Bg4 12. h3 Be6 13. Kh2 Re8 14. e4 Nd4 15. Nd5 Nxf3+ 16. Bxf3 Nxd5 1/2-1/2

[Event "Oberliga Ost-B 9596"]
[Site "Germany"]
[Date "1996.??.??"]
[Round "?"]
[White "Diebl, Lutz"]
[Black "Peters, Andreas"]
[Result "1/2-1/2"]
[WhiteElo "2205"]
[BlackElo "2315"]
[PlyCount "25"]
[EventDate "1995.10.??"]
[EventType "team"]
[EventRounds "10"]
[EventCountry "GER"]
[SourceTitle "EXT 1998"]
[Source "ChessBase"]
[SourceDate "1997.11.17"]
[SourceVersion "1"]
[SourceVersionDate "1997.11.17"]
[SourceQuality "1"]

1. Nc3 d5 2. e4 e6 3. g3 Nf6 4. e5 Nfd7 5. f4 c5 6. Nf3 Nc6 7. d3 Be7 8. Bh3 b5 9. 0-0 b4 10. Ne2 a5 11. Qe1 0-0 12. Bd2 Ba6 13. f5 1/2-1/2